Score 0/48 Timer 04:00
3 Plays Today
Clue 3-Letter Rung % Correct
• 1st month • JAN.
99.7%
• 2nd month • FEB.
98.5%
• 3rd month • MAR.
98.1%
• 4th month • APR.
97.5%
• 5th month • MAY
97.2%
• 6th month • JUN.
97%
• 7th month • JUL.
96.9%
• 8th month • AUG.
96.4%
• 9th month • SEP.
95.4%
• 10th month • OCT.
94.7%
• 11th month • NOV.
94%
Not nearFAR
93.9%
That which we breatheAIR
93.7%
PurchaseBUY
93.4%
• 12th month • DEC.
93.2%
AngryMAD
92.8%
Briefly popular thingFAD
90.5%
___-de-sacCUL
90.3%
Bread rollBUN
90.3%
Type of treeFIR
89.8%
Very, in SpanishMUY
89.7%
Gave sustenance toFED
89.6%
CarpetRUG
89.3%
A type of punchJAB
88.9%
Clue 3-Letter Rung % Correct
WonderfulFAB
88.3%
Rowing needOAR
87.4%
Wray of 'King Kong'FAY
87.4%
Morning moistureDEW
84.9%
Part of a playACT
84.1%
Output of a mineORE
81.6%
Move a stranded carTOW
81.3%
___ Jones Industrial Avg.DOW
80.3%
Form of 'to be'ARE
80.2%
Hockey legend BobbyORR
80.1%
SimianAPE
79.9%
Mazel ___TOV
79.7%
Cereal cropOAT
77.2%
Matched groupSET
72.4%
Negative wordNOT
68.3%
RestedSAT
66.9%
To take an evening mealSUP
65.9%
Young louseNIT
52.5%
Small islandAIT
49.6%
A dogCUR
48.4%
Karel Čapek sci-fi playR.U.R.
45.8%
Slangy assentYUP
45.4%
A cold climate seabirdAUK
41.3%
A joke or laughYUK
37.2%

Today's Daily Dose

Missing Word
Marvin Gaye Songs

Quick Pick
Movies of 2019

Get the Picture
Chinese Cities

You're not logged in!

Compare scores with friends on all Sporcle quizzes.
OR
Log In

Sporcle TV

Today on Sporcle TV


Watch our educational content, quiz creation guides, and fun videos on Sporcle TV.

Show Comments

Extras

Top Quizzes Today


Score Distribution

Your Account Isn't Verified!

In order to create a playlist on Sporcle, you need to verify the email address you used during registration. Go to your Sporcle Settings to finish the process.

Report this User

Report this user for behavior that violates our Community Guidelines.

Details: